| 000 | 00691nam 22002053 4500 | ||
|---|---|---|---|
| 001 | 200938 | ||
| 090 | _a200938 | ||
| 100 | _a20260303d u||y0pory50 ba | ||
| 200 |
_aCuba de Fidel _eviagem à ilha proibida _fIgnácio de Loyola Brandão |
||
| 205 | _a5ª | ||
| 210 |
_aSão Paulo _cLivraria Cultura _dcop. 1978 |
||
| 215 |
_a120 p. _cbrochado _d20 cm |
||
| 317 | _a. - Oferta com dedicatória do escritor ao Prof. Dr. Almeida Faria | ||
| 606 |
_99 _aLiteratura Brasileira |
||
| 610 | _aHistória como género literário | ||
| 675 |
_a821.134.3(81)-94 _vBR _zpor |
||
| 700 |
_916614 _aBrandão _bIgnácio de Loyla _f1936- |
||
| 801 |
_aPT _bBMMN _gRPC |
||
| 830 |
_cAna Falardo _fAna Falardo |
||
| 990 | _cLIVROS | ||